Science Quiz

Random Science or Animal Quiz

Fastest Animals Quiz Stats

 Plays Quiz Updated Oct 18, 2014

Score 0/26 Timer 07:00
0 Plays Today
Top Speed Animal % Correct
75 mph (120 kph)Cheetah
96.4%
199 mph (320 kph)Golden eagle (while diving)
80.4%
242 mph (389 kph)Peregrine falcon (while diving)
68.6%
130 mph (209 kph)Gyrfalcon
59.6%
55 mph (88 kph)American Quarter horse
50.5%
59 mph (94 kph)Thomson's gazelle
42.1%
47 mph (75 kph)Virginia white-tailed deer
40.8%
50 mph (80 kph)Cougar
38.1%
47 mph (75 kph)Blackbuck
31.9%
50 mph (80 kph)Yellowfin tuna
31.9%
50 mph (80 kph)Striped marlin
31.7%
50 mph (80 kph)Saiga antelope
30.9%
60 mph (97 kph)Free-tailed bat
30.6%
Top Speed Animal % Correct
47 mph (76 kph)Maned wolf
30.3%
55 mph (89 kph)Pronghorn
30.2%
60 mph (97 kph)Swordfish
29.9%
81mph (130 kph)Black marlin
28.8%
50 mph (80 kph)Reindeer
22.1%
50 mph (80 kph)Hare
20.2%
68 mph (110 kph)Indo-Pacific sailfish
19.2%
50 mph (80 kph)Wildebeest
17.4%
62 mph (100 kph)Springbok
14.6%
106 mph (171 kph)Common swift
13.2%
50 mph (80 kph)Serval
7.8%
60 mph (97 kph)Wahoo
4.2%
50 mph (80 kph)Caracal
2.6%

You're not logged in!

Compare scores with friends on all Sporcle quizzes.
OR
Log In

Sporcle TV

Today on Sporcle TV


Watch our educational content, quiz creation guides, and fun videos on Sporcle TV.

Show Comments

Extras

Top Quizzes Today


Score Distribution

Your Account Isn't Verified!

In order to create a playlist on Sporcle, you need to verify the email address you used during registration. Go to your Sporcle Settings to finish the process.

Report this User

Report this user for behavior that violates our Community Guidelines.

Details: